000 05452nam a2200409 a 4500
001 ebr10500988
003 CaPaEBR
006 m u
007 cr cn|||||||||
008 110414s2011 enk sb 001 0 eng d
010 _z 2011016285
020 _z9780199782543 (hardback)
020 _z9780199782758 (e-book)
040 _aCaPaEBR
_cCaPaEBR
035 _a(OCoLC)759036641
043 _an-us---
050 1 4 _aKF9430
_b.H47 2011eb
082 0 4 _a344.7305/32517
_223
100 1 _aHerman, Susan N.
245 1 0 _aTaking liberties
_h[electronic resource] :
_bthe war on terror and the erosion of American democracy /
_cSusan N. Herman.
260 _aOxford ;
_aNew York :
_bOxford University Press, USA,
_c2011.
300 _aix, 276 p.
504 _aIncludes bibliographical references and index.
505 8 _aMachine generated contents note: -- Introduction -- PART I: DRAGNETS AND WATCHLISTS -- Chapter 1 The Webmaster and the Football Player -- The Material Support Dragnet -- The Football Player -- The Material Support and Material Witness Dragnets -- Chapter 2. "Foreign Terrorist Organizations," Humanitarians, -- and the First Amendment -- The Iranian Democrat -- Peacemakers and Humanitarians -- Chapter 3. Charity at Home -- The Campaign against Charities -- Collateral Damage to Freedom of Religion and Association -- Chapter 4 Traveling with Terror -- Watching the Watchlists -- Security Theater? -- The Rights of Others -- Chapter 5 Banks and Databanks -- Financial Institutions as TIPSters -- Watchlists and the Private Sector -- Does It Work? -- Collecting the Dots -- Why Should I Care? - Privacy and Democracy -- PART II - SURVEILLANCE AND SECRECY -- Chapter 6 Gutting the Fourth Amendment -- The Fourth Amendment and Terrorism -- "Foreign" Intelligence Surveillance, Americans, and the Patriot Act -- Mayfield v. United States Part II -- The Secret Court and the One-Sided Litigation -- A Job for Congress and the Courts -- Chapter 7 The Patriot Act and Library/Business Records -- American Librarians -- Judicial Fumbling -- Third Party Records and the Fourth Amendment -- Reconsidering the "Library Provision" -- Chapter 8 Gagging the Librarians -- The Library Connection -- Other Librarian Tales -- Chapter 9 John Doe and the National Security Letter -- Why National Security Letters? -- John Doe and Victor Marrero -- Loosening the Gag -- Fourth Amendment Rights for NSL Recipients -- First Amendment Rights for Internet Users -- The Inspector General Exposés 2007-2010 -- National Security Letters, the Fourth Amendment, and Congress -- Chapter 10 The President's Surveillance Program -- In the Halls of the Department of Justice -- The Rubber Stamp Congress -- Closing the Courthouse Doors -- Post-FAA Litigation -- The Secret Court Strikes Again -- "What Else Is It That We Don't Know?" -- PART III: RESTORING CHECKS AND BALANCES -- Chapter 11 American Democracy - The President, the Congress, and the Courts -- The View from the Oval Office - From Bush to Obama and Beyond -- The Sleeping Watchdog -- Secrecy and the Courts -- The Eclipse of the Courts -- Conclusion -- Ordinary Americans -- Restoring Balance.
520 _a"Since 9/11, the U.S. government has acted in a variety of ways--some obvious, some nearly invisible--to increase its surveillance and detention power over American citizens and residents. While most of us have made our peace with the various new restrictions on our civil liberties after 9/11, we have done it without really understanding what those restrictions are or the extent of their reach. Moreover, we tend to think that if the national security state overreaches, we shouldn't worry--the courts will come to the rescue and rein it in. In Taking Liberties, Susan Herman explains how this came to be. Beginning in late 2001, the Bush Administration undertook a series of measures, some of which were understandable and valid given the context, to expand federal surveillance authority. Yet as she shows through a series of gripping episodes involving ordinary Americans, they overreached to the point eroding basic constitutional liberties. Herman spells out in vivid detail why all Americans should be worried about the governmental dragnet that has slowly and at times imperceptibly expanded its coverage over the American public. The erosion of civil liberties doesn't just impact immigrants, Americans of Middle Eastern descent, or Guantanamo detainees, but any American who appears to be engaging in provocative political activity. Taking Liberties is a wake-up call for all Americans, who remain largely unaware of the post-9/11 surveillance regime's insidious and continuing growth"--
_cProvided by publisher.
533 _aElectronic reproduction.
_bPalo Alto, Calif. :
_cebrary,
_d2011.
_nAvailable via World Wide Web.
_nAccess may be limited to ebrary affiliated libraries.
650 0 _aTerrorism
_xPrevention
_xLaw and legislation
_zUnited States.
650 0 _aInternal security
_zUnited States.
650 0 _aDetention of persons
_zUnited States.
650 0 _aElectronic surveillance
_zUnited States.
650 0 _aCivil rights
_zUnited States.
650 0 _aWar and emergency powers
_zUnited States.
650 0 _aWar on Terrorism, 2001-2009.
655 7 _aElectronic books.
_2local
710 2 _aebrary, Inc.
856 4 0 _uhttp://site.ebrary.com/lib/rucke/Doc?id=10500988
_zAn electronic book accessible through the World Wide Web; click to view
999 _c131355
_d131355